[Event "Chigorin Mem Open"]
[Site "St Petersburg RUS"]
[Date "2001.10.31"]
[Round "6"]
[White "Zimina,O"]
[Black "Chuiko,A"]
[Result "0-1"]
[WhiteElo "2326"]
[BlackElo "2413"]

1.e4 c5 2.Nf3 d6 3.Bb5+ Nd7 4.d4 Nf6 5.Nc3 cxd4 6.Qxd4 e5 7.Qd3 h6 8.O-O a6
9.Bxd7+ Bxd7 10.a4 Rc8 11.Nd2 Qc7 12.Re1 Be7 13.Nf1 O-O 14.Ne3 Be6 15.Bd2 Bc4
16.Nxc4 Qxc4 17.Qe2 Rfe8 18.Rad1 b5 19.axb5 axb5 20.Qxc4 Rxc4 21.Nxb5 Rb8
22.b3 Rxc2 23.Na3 Ra2 24.Nc4 Rxb3 25.f3 Rd3 26.Be3 Rxd1 27.Rxd1 Ra6 28.Kf1 Rc6
29.Na5 Rc7 30.Nb3 Rc3 31.Nc1 Rxe3 32.Nd3 Nxe4 33.fxe4 Rxe4 34.Ra1 f5 35.Kf2 Kf7
36.Ra6 Rc4 37.Rb6 g5 38.Ke2 Rc2+ 39.Kf1 Ke6 40.Ra6 h5 41.Rb6 e4 42.Ne1 Rd2  0-1

[Event "WYB18"]
[Site "Oropesa del Mar ESP"]
[Date "2001.11.01"]
[Round "10"]
[White "Bhat,V"]
[Black "Khismatullin,D"]
[Result "1-0"]
[WhiteElo "2403"]
[BlackElo "2448"]

1.e4 c5 2.Nf3 d6 3.Bb5+ Nc6 4.O-O Bd7 5.Re1 a6 6.Bf1 Nf6 7.c3 Bg4 8.d4 e5
9.dxc5 dxc5 10.Nbd2 Be7 11.h3 Bh5 12.g4 Bg6 13.Nh4 Qc7 14.Nf5 O-O-O 15.Qf3 h5
16.Nc4 hxg4 17.hxg4 Nh7 18.Bg2 Ng5 19.Qg3 b5 20.Nxe7+ Nxe7 21.Qxe5 Nh3+ 22.Bxh3 Rxh3
23.Qxc7+ Kxc7 24.Bf4+ Kb7 25.Nd6+ Kc6 26.Rad1 c4 27.Kg2 Rd3 28.Rxd3 cxd3
29.Nf5 Nxf5 30.exf5 Bh7 31.Kf3 Bg8 32.Ke3 f6 33.b3 a5 34.Kd2 a4 35.Rb1 Bd5
36.Be3 a3 37.Bd4 Re8 38.Be3 Be4 39.Re1 Rh8 40.Bf4 Bf3 41.Rg1 Rh4 42.Kxd3 Rxg4
43.Rxg4 Bxg4 44.Bc1 Bxf5+ 45.Kd2 Bb1 46.Bxa3 Bxa2 47.Kc2  1-0

[Event "WYB18"]
[Site "Oropesa del Mar ESP"]
[Date "2001.11.01"]
[Round "10"]
[White "Lindberg,Bo"]
[Black "Lupulescu,C"]
[Result "1/2-1/2"]
[WhiteElo "2247"]
[BlackElo "2467"]

1.e4 c5 2.Nf3 d6 3.Bb5+ Nd7 4.d4 Nf6 5.Nc3 a6 6.Bxd7+ Nxd7 7.O-O e6 8.dxc5 Nxc5
9.Bg5 Qc7 10.Re1 f6 11.Bh4 b5 12.Nd4 b4 13.Nd5 exd5 14.Qh5+ Qf7 15.exd5+ Be7
16.Qe2 O-O 17.Qxe7 Qxd5 18.Rad1 Bb7 19.f3 Rf7 20.Qe3 Rd7 21.Nb3 Qc6 22.Nxc5 dxc5
23.Rxd7 Qxd7 24.Qxc5 a5 25.Re7 Qd1+ 26.Be1 Bd5 27.Qd6 Kh8 28.h3 Rg8 29.Qd7 Qd4+
30.Bf2 Qd1+ 31.Re1 Qd2 32.h4 h6 33.Qd6 Rc8 34.Re7 Rxc2 35.Qg3 g5 36.Rd7 Qc1+
37.Kh2 Qf4 38.Qxf4 gxf4 39.Rxd5 Rxf2 40.Rxa5 Rxb2 41.Ra7 Kg8 42.Kh3 b3 43.axb3 Rxb3
44.Kg4 Rb5 45.Kxf4 h5 46.g3 Re5 47.Rd7 Kf8 48.g4 hxg4 49.Kxg4 Ra5 50.h5 Kg8  1/2-1/2

[Event "TCh-AUT 2001-2"]
[Site "Moerbisch AUT"]
[Date "2001.11.02"]
[Round "3"]
[White "Watzka,H"]
[Black "Neumeier,K"]
[Result "1-0"]
[WhiteElo "2364"]
[BlackElo "2344"]

1.e4 c5 2.Nf3 d6 3.Bb5+ Nc6 4.O-O Bd7 5.c3 a6 6.Ba4 Nf6 7.Re1 c4 8.d4 cxd3
9.Qxd3 g6 10.Nbd2 Bg7 11.Nf1 O-O 12.Bxc6 Bxc6 13.Nd4 Qb6 14.Ng3 Ng4 15.Qe2 Bd7
16.h3 Ne5 17.Kh1 Rac8 18.Bg5 Rfe8 19.Rad1 Qa5 20.f4 Nc4 21.b3 Na3 22.c4 Bxd4
23.Rxd4 Nc2 24.Rdd1 Nxe1 25.Rxe1 Qc3 26.Kh2 b5 27.cxb5 axb5 28.Rd1 Qg7 29.Bh4 f6
30.Nf1 Rc7 31.Ne3 Rec8 32.Rd2 Be8 33.Bg3 Qf7 34.Nd5 Rc1 35.e5 fxe5 36.fxe5 Bc6
37.e6 Qg7 38.Nb4 Qa1 39.Bf4 Rh1+ 40.Kg3 Qc3+ 41.Nd3 Bb7 42.Qe3 Rf8 43.Bh6 Rf5
44.Qb6 Qc8 45.Rc2 Qa8 46.Qc7 Rxh3+ 47.gxh3 Ba6 48.Qc6 Bb7 49.Qc7 Rh5 50.Qxe7 Rxh6
51.Rc7  1-0

[Event "VII Sreiber Mem"]
[Site "Subotica YUG"]
[Date "2001.11.05"]
[Round "1"]
[White "Buljovcic,I"]
[Black "Popovic,Du"]
[Result "0-1"]
[WhiteElo "2374"]
[BlackElo "2372"]

1.e4 c5 2.Nf3 d6 3.Bb5+ Bd7 4.Bxd7+ Qxd7 5.c4 Nc6 6.d4 cxd4 7.Nxd4 Nf6 8.Nc3 g6
9.f3 Bg7 10.Be3 O-O 11.O-O a6 12.a4 e6 13.Qd2 Na5 14.Qd3 Qc7 15.b3 e5 16.Nc2 Nxb3
17.Rab1 Nc5 18.Qe2 Rac8 19.Rfc1 Ne6 20.Na3 Nd4 21.Qb2 Qa5 22.Qb6 Qxb6 23.Rxb6 Nd7
24.Rxb7 Nc5 25.Rb6 Rfd8 26.Rcb1 f5 27.Bg5 Rd7 28.Rb8 Rxb8 29.Rxb8+ Kf7 30.Be3 Bf6
31.Bd2 Bd8 32.Nab1 Ba5 33.Rb2 Nd3 34.Rb8 Nc5 35.Rb2 h5 36.h3 Rc7 37.Rb8 Nd7  0-1

[Event "EuTCh"]
[Site "Leon ESP"]
[Date "2001.11.06"]
[Round "1"]
[White "Shaw,J"]
[Black "Ilincic,Z"]
[Result "1/2-1/2"]
[WhiteElo "2499"]
[BlackElo "2521"]

1.e4 c5 2.Nf3 d6 3.Bb5+ Bd7 4.Bxd7+ Qxd7 5.c4 Nc6 6.Nc3 g6 7.d4 cxd4 8.Nxd4 Bg7
9.Nde2 Nf6 10.f3 O-O 11.O-O Rfc8 12.Bg5 Nd8 13.b3 Ne6 14.Bh4 Nh5 15.Qd2 Nhf4
16.Nxf4 Bxc3 17.Qxc3 Nxf4 18.Qe3 Ne6 19.Rad1 Qc7 20.f4 Re8 21.f5 Qc5 22.Rf3 Qxe3+
23.Rxe3 Nf8 24.f6 exf6 25.Bxf6 Re6 26.Bg5 Rae8 27.Red3 Rxe4 28.Rxd6 Re2 29.Rd8 Kg7
30.Rxe8 Rxe8 31.Kf2 a6 32.Rd6 Ne6 33.Be3 Rd8 34.Bd4+ Kf8 35.Rxd8+ Nxd8 36.Bf6 Nc6
37.Ke3 Ke8 38.Bc3 Ke7 39.g4 f6 40.Ke4 Ke6 41.h3 b6 42.Bd2 Nb8 43.Bf4 f5+
44.gxf5+ gxf5+ 45.Ke3 Nc6 46.Bc7 b5 47.cxb5 axb5 48.a4 bxa4 49.bxa4 Nb4 50.Bg3 Nc6
51.Be1 Ne5 52.a5 Kd5 53.Bc3 Ng6 54.a6 Kc6 55.Ba5 h5 56.Kf3 h4 57.Ke3 Ne5
58.Kf4 Nd3+ 59.Kg5 Nf2 60.Kxh4 f4 61.Bd8 Ne4 62.Kg4 Nf2+ 63.Kh4 Ne4  1/2-1/2

[Event "EuTCh"]
[Site "Leon ESP"]
[Date "2001.11.06"]
[Round "1"]
[White "Neubauer,M"]
[Black "Petrov,M"]
[Result "0-1"]
[WhiteElo "2434"]
[BlackElo "2451"]

1.e4 c5 2.Nf3 d6 3.Bb5+ Bd7 4.Bxd7+ Qxd7 5.O-O Nf6 6.e5 dxe5 7.Nxe5 Qc7 8.d4 cxd4
9.Qxd4 Nc6 10.Nxc6 Qxc6 11.Nc3 e6 12.Be3 Be7 13.Qa4 Qxa4 14.Nxa4 b5 15.Nc3 b4
16.Nb5 O-O 17.Nxa7 Nd5 18.Nc6 Bf6 19.Nd4 Rfc8 20.a3 bxa3 21.Rxa3 Rxa3 22.bxa3 Rc4
23.Rb1 h6 24.Nb5 Rxc2 25.Bc1 Be7 26.Bb2 Rd2 27.Bd4 Bxa3 28.Bxg7 Bc5 29.Bxh6 Rxf2
30.Kh1 f6 31.g3 Kh7 32.Rc1 Bb6 33.Bf8 Ne3 34.h3 Nf5 35.Bd6 e5 36.Rc3 Rf1+
37.Kg2 Rb1 38.Nc7 Nxd6 39.Nd5 Rb2+ 40.Kf3 Bd4 41.Rc6 f5 42.g4 Rf2+ 43.Kg3 Ne4+
44.Kh4 fxg4 45.Kxg4 Rf7 46.h4 Nf2+ 47.Kg5 Ne4+ 48.Kg4 Kg7 49.Nc7 Rf4+ 50.Kh3 Kf7
51.h5 Nf2+ 52.Kg3 Rg4+ 53.Kf3 e4+ 54.Ke2 Nd3 55.h6 Rg2+ 56.Kd1 e3 57.Re6 Rd2+  0-1

[Event "EuTCh"]
[Site "Leon ESP"]
[Date "2001.11.07"]
[Round "2"]
[White "Sommerbauer,N"]
[Black "Moreno Carnero,J"]
[Result "1/2-1/2"]
[WhiteElo "2410"]
[BlackElo "2514"]

1.e4 c5 2.Nf3 d6 3.Bb5+ Bd7 4.Bxd7+ Qxd7 5.c4 Nc6 6.O-O Nf6 7.Nc3 g6 8.d4 cxd4
9.Nxd4 Bg7 10.Nde2 O-O 11.f3 e6 12.Bg5 h6 13.Be3 Rad8 14.Qd2 d5 15.cxd5 exd5
16.Bxh6 dxe4 17.Qxd7 Rxd7 18.Bxg7 Kxg7 19.fxe4 Rfd8 20.Nf4 Rd2  1/2-1/2

[Event "EuTCh"]
[Site "Leon ESP"]
[Date "2001.11.08"]
[Round "3"]
[White "Frois,A"]
[Black "Lopez Martinez,J"]
[Result "1/2-1/2"]
[WhiteElo "2367"]
[BlackElo "2474"]

1.e4 c5 2.Nf3 d6 3.Bb5+ Bd7 4.Bxd7+ Qxd7 5.O-O Nc6 6.c4 Nf6 7.Nc3 g6 8.d4 cxd4
9.Nxd4 Bg7 10.Nde2 O-O 11.f3 Rfd8 12.Be3 e6 13.Rc1 d5 14.cxd5 exd5 15.exd5 Nxd5
16.Bg5 f6 17.Qxd5+ Qxd5 18.Nxd5 fxg5 19.Nec3 Rd7 20.Rfe1 Rad8 21.Ne3 Nb4
22.Re2 Nd3 23.Rb1 b6 24.Ne4 h6 25.g3 Bd4 26.Kg2 Nc5 27.Nxc5 Bxc5 28.Nf1 Kf7
29.b3 h5 30.h3 Rd3 31.Rbb2 Rd1 32.Rbd2 R8xd2 33.Nxd2 h4 34.Ne4 Rg1+ 35.Kh2 hxg3+
36.Nxg3 Rc1 37.Ne4 Be7 38.Kg3 Bd8 39.Rd2 Bc7+ 40.Kg2 Bf4 41.Rd7+ Ke6 42.Rxa7 Rc2+
43.Kf1 Ke5 44.Re7+ Kd4 45.a4 Rb2 46.Nf2 Rxb3 47.Re4+ Kd5 48.Ke2 Rb2+ 49.Kf1 Rd2
50.Rb4 Kc5 51.Rb5+ Kc6 52.Rb4 Kc5 53.Rb5+ Kc6 54.Rb4  1/2-1/2

[Event "EuTCh"]
[Site "Leon ESP"]
[Date "2001.11.09"]
[Round "4"]
[White "Brynell,S"]
[Black "Ibrahimov,R"]
[Result "1/2-1/2"]
[WhiteElo "2506"]
[BlackElo "2404"]

1.e4 c5 2.Nf3 d6 3.Bb5+ Bd7 4.Bxd7+ Qxd7 5.O-O Nf6 6.e5 dxe5 7.Nxe5 Qc8 8.d4 e6
9.Nc3 cxd4 10.Qxd4 Nc6 11.Qa4 Be7 12.Bg5 h6 13.Bh4 O-O 14.Nxc6 Qxc6 15.Qxc6 bxc6
16.Rfd1 Rfd8 17.Kf1 g5 18.Bg3 Nd5 19.Na4 f5 20.Be5 Kf7 21.a3 Bf6 22.Bxf6 Kxf6
23.Nc5 Nb6 24.b3 Rd5 25.Na6 Rad8 26.Ke2  1/2-1/2

[Event "EuTCh"]
[Site "Leon ESP"]
[Date "2001.11.09"]
[Round "4"]
[White "Antoms,G"]
[Black "Vokac,M"]
[Result "1/2-1/2"]
[WhiteElo "2486"]
[BlackElo "2529"]

1.e4 c5 2.Nf3 d6 3.Bb5+ Bd7 4.Bxd7+ Qxd7 5.O-O Nc6 6.c4 Nf6 7.Nc3 e6 8.b3 Be7
9.Bb2 O-O 10.d4 cxd4 11.Nxd4 a6 12.Re1 Rfd8  1/2-1/2

[Event "EuTCh"]
[Site "Leon ESP"]
[Date "2001.11.10"]
[Round "5"]
[White "Antoms,G"]
[Black "Petrov,M"]
[Result "0-1"]
[WhiteElo "2486"]
[BlackElo "2451"]

1.e4 c5 2.Nf3 d6 3.Bb5+ Bd7 4.Bxd7+ Qxd7 5.O-O Nf6 6.Re1 Nc6 7.c3 e6 8.d4 cxd4
9.cxd4 d5 10.e5 Ne4 11.Nc3 Nxc3 12.bxc3 Rc8 13.Qd3 Na5 14.h4 Qc6 15.h5 h6
16.Rb1 Be7 17.g4 Qc4 18.Re3 Qxd3 19.Rxd3 Rc4 20.Rb2 Ra4 21.Re2 Kd7 22.Kg2 b5
23.Kg3 Nc4 24.Rc2 Rc8 25.g5 Na3 26.gxh6 Nxc2 27.hxg7 Rg8 28.h6 Bf8 29.h7 Rxg7+
30.Ng5 Rxh7 31.Nxh7 Be7 32.Rf3 b4 33.Rxf7 Ke8 34.Rf3 Rxa2 35.Nf6+ Kd8 36.Ng8 b3
37.Rf7 Ba3 38.Bg5+ Ke8 39.Rxa7 b2  0-1

[Event "EuTCh"]
[Site "Leon ESP"]
[Date "2001.11.11"]
[Round "6"]
[White "Frois,A"]
[Black "Maki Uuro,Mi"]
[Result "1/2-1/2"]
[WhiteElo "2367"]
[BlackElo "2342"]

1.e4 c5 2.Nf3 d6 3.Bb5+ Bd7 4.Bxd7+ Nxd7 5.O-O Ngf6 6.Qe2 e6 7.c4 Be7 8.Nc3 O-O
9.d4 cxd4 10.Nxd4 Rc8 11.b3 Qb6 12.Rd1 a6 13.Bb2 Rfe8 14.Rac1 Bf8 15.Kh1 Qa5
16.Rc2 Qh5 17.Qxh5 Nxh5 18.f3 Nhf6 19.Kg1 Nb6 20.Nde2 d5 21.cxd5 exd5 22.exd5 Nfxd5
23.Rcd2 Bc5+  1/2-1/2

[Event "EuTCh"]
[Site "Leon ESP"]
[Date "2001.11.13"]
[Round "7"]
[White "Oral,T"]
[Black "Pelletier,Y"]
[Result "0-1"]
[WhiteElo "2546"]
[BlackElo "2545"]

1.e4 c5 2.Nf3 d6 3.Bb5+ Bd7 4.Bxd7+ Nxd7 5.O-O Ngf6 6.Qe2 e6 7.b3 Be7 8.c4 O-O
9.d4 cxd4 10.Nxd4 a6 11.Nc3 Qa5 12.Bb2 Rfc8 13.Rac1 Rab8 14.Kh1 Qh5 15.f3 Bd8
16.Ba1 Bc7 17.Rcd1 Re8 18.Qd2 Rbd8 19.Rde1 Ne5 20.f4 Neg4 21.h3 e5 22.Nf5 Bb6
23.fxe5 dxe5 24.Nd5 Nxd5 25.cxd5 g6 26.Qe2 Nf2+ 27.Rxf2 Bxf2 28.Qxf2 gxf5
29.Bxe5 fxe4 30.Bb2 Rd6 31.Qg3+ Qg6 32.Qc3 f6 33.Re3 Qf5 34.Rg3+ Kf7 35.Qc7+ Rd7
36.Qc1 Rg8 37.Rc3 Qxd5 38.Qh6 Qf5  0-1

[Event "EuTChw"]
[Site "Leon ESP"]
[Date "2001.11.15"]
[Round "9"]
[White "Skripchenko,A"]
[Black "Hunt,H"]
[Result "1/2-1/2"]
[WhiteElo "2497"]
[BlackElo "2406"]

1.e4 c5 2.Nf3 d6 3.Bb5+ Nd7 4.O-O Nf6 5.d4 Nxe4 6.Qe2 Nf6 7.dxc5 e6 8.cxd6 Bxd6
9.Bg5 a6 10.Bxd7+ Bxd7 11.Nc3 Bc6 12.Ne5 Qc7 13.Nxc6 Qxc6 14.Bxf6 gxf6 15.Ne4 Be7
16.Rad1 Rg8 17.Qf3 Kf8 18.Rd3 f5 19.Nd2 Qxf3 20.Nxf3 Rd8 21.Rxd8+ Bxd8 22.Rd1 Bf6
23.Rd7 b5 24.Ra7 Kg7 25.h4 Bxb2 26.Rxa6 Rc8 27.Rb6 Rxc2 28.Rxb5 Ba3 29.Rb7 Bc5
30.Ng5 Kg6 31.Nxf7 Bxf2+ 32.Kh2 Bd4 33.Ng5 e5 34.Rxh7 Be3 35.Rh8 Bf4+ 36.Kg1 Bg3
37.Kf1 Rf2+ 38.Kg1 Rxa2 39.Kf1 Rf2+ 40.Kg1 Rc2 41.Kf1 Bxh4 42.Rxh4 Kxg5 43.Ra4 e4
44.Rb4 Kf4 45.Ra4 Rd2 46.Rb4 Ke3 47.Rb3+ Rd3 48.Rb1 Rc3 49.Ra1 Kd2 50.Kf2 f4
51.Ra2+ Rc2 52.Ra1 Kc3+ 53.Kf1 Kd3 54.Ra3+ Rc3 55.Ra1 Ke3 56.Re1+ Kd4 57.Ra1 e3
58.Rd1+ Rd3 59.Ra1 Ke4 60.Ra4+ Rd4 61.Ra8 Rd5 62.Ke2 Rg5 63.Ra4+ Kf5 64.Kf1 Kg4
65.Ra8 Kg3 66.Re8 Rg7 67.Re6 Kg4 68.Re8 Rg5 69.Re7 Ra5 70.Rg7+ Kf5 71.Rf7+ Kg5
72.Rf8 Ra1+ 73.Ke2 Ra2+ 74.Kf1 Ra1+ 75.Ke2 Rg1 76.Rg8+ Kf5 77.Rf8+ Ke5 78.Re8+ Kd6
79.Rd8+ Ke6 80.Rg8 Ra1 81.Re8+ Kf5 82.Rg8 Ra2+ 83.Kf1 Rd2 84.Rg7 Rc2 85.Rg8 Ke4
86.Re8+ Kd3 87.Rd8+ Ke4 88.Re8+ Kf5 89.Rg8 Rb2 90.Rg7 Ke4 91.Re7+ Kd3 92.Rd7+ Kc2
93.Ra7 Kd2 94.Rd7+ Kc1 95.Ra7 Rf2+ 96.Kg1 Rd2 97.Kf1 Rc2 98.Ra8 Kd1 99.Ra1+ Kd2
100.Rb1 Ra2 101.Re1 Kd3 102.Rb1 Rf2+ 103.Kg1 f3 104.Rb3+ Kd4 105.gxf3 Rxf3
106.Kg2 Rf7 107.Ra3 e2 108.Ra1 Kd3 109.Ra3+ Kc2 110.Ra1 Kd3 111.Ra3+ Kd2
112.Ra2+ Ke3 113.Ra3+ Kd4 114.Ra1 Kc3 115.Rb1 Kc2 116.Ra1 Kb2 117.Re1 Kc3  1/2-1/2

[Event "EuTCh"]
[Site "Leon ESP"]
[Date "2001.11.15"]
[Round "9"]
[White "Oral,T"]
[Black "Fedorov,Alex"]
[Result "1-0"]
[WhiteElo "2546"]
[BlackElo "2599"]

1.e4 c5 2.Nf3 d6 3.Bb5+ Nd7 4.d4 cxd4 5.Qxd4 e5 6.Qd3 h6 7.Be3 Nf6 8.Nc3 Be7
9.Bc4 a6 10.a4 b6 11.O-O Bb7 12.Rad1 Qc7 13.Nh4 g6 14.Nf3 Kf8 15.Bb3 Kg7
16.Nd2 Nc5 17.Bxc5 Qxc5 18.Nc4 Rhd8 19.Qe3 Qxe3 20.fxe3 b5 21.axb5 axb5 22.Nb6 b4
23.Ncd5 Ra6 24.Bc4 Bxd5 25.Nxd5 Nxd5 26.Rxd5 Rc6 27.Bb3 Bg5 28.Kf2 Rc5 29.Ke2 f5
30.exf5 Rxd5 31.Bxd5 gxf5 32.Rxf5 Rc8 33.Kd3 Rf8 34.Rxf8 Kxf8 35.Kc4 Bxe3
36.Kxb4 Ke7 37.Kb5 Kd7 38.g4 Bf2 39.Ka6 Kc7 40.b4 Be1 41.b5 Bf2 42.h3  1-0

[Event "EuTCh"]
[Site "Leon ESP"]
[Date "2001.11.15"]
[Round "9"]
[White "Baklan,V"]
[Black "Kempinski,R"]
[Result "1/2-1/2"]
[WhiteElo "2590"]
[BlackElo "2586"]

1.e4 c5 2.Nf3 d6 3.Bb5+ Nd7 4.d4 Nf6 5.Nc3 a6 6.Bxd7+ Nxd7 7.O-O e6 8.Bg5 f6
9.Be3 Be7 10.dxc5 dxc5 11.a4 b6  1/2-1/2

[Event "EuTCh"]
[Site "Leon ESP"]
[Date "2001.11.15"]
[Round "9"]
[White "Brynell,S"]
[Black "San Segundo Carrillo,P"]
[Result "1/2-1/2"]
[WhiteElo "2506"]
[BlackElo "2528"]

1.e4 c5 2.Nf3 d6 3.Bb5+ Bd7 4.Bxd7+ Nxd7 5.O-O Ngf6 6.Qe2 e6 7.b3 g6 8.c3 Bg7
9.d4 O-O 10.Bf4 Qc7 11.Nbd2 Qc6 12.Rfe1 a6 13.Rad1 Rac8 14.h3 b5 15.Qe3 Rfe8
16.Bh6 cxd4 17.cxd4 e5 18.dxe5 dxe5 19.Bxg7 Kxg7 20.Nf1 Qc5 21.Qe2 Qb4 22.Ng3  1/2-1/2

[Event "ch-Balkan"]
[Site "Istanbul TUR"]
[Date "2001.11.22"]
[Round "6"]
[White "Olcayoz,A"]
[Black "Erdogan,H"]
[Result "1-0"]
[WhiteElo "2334"]
[BlackElo "2292"]

1.e4 c5 2.Nf3 d6 3.Bb5+ Nc6 4.d4 cxd4 5.Qxd4 Bd7 6.Bxc6 Bxc6 7.Nc3 Nf6 8.Bg5 e6
9.O-O-O Be7 10.Rhe1 O-O 11.Qd2 Qc7 12.Nd4 a6 13.f4 Rfc8 14.f5 e5 15.Bxf6 gxf6
16.Nf3 b5 17.Re2 Rab8 18.Kb1 a5 19.Ne1 a4 20.Qh6 Kh8 21.Re3 Rg8 22.Rh3 Rg7
23.a3 Qb7 24.Nd5 b4 25.Qe3 bxa3 26.Qxa3 Bd8 27.Rhd3 Ba5 28.c3 Bd8 29.R1d2 Bb5
30.Rg3 Rxg3 31.hxg3 Qc6 32.Nc2 Kg7 33.Nce3 Ba5 34.Ng4 Qc4 35.Qxd6 Qxe4+ 36.Kc1 Qxg4
37.Qxf6+ Kg8 38.Qxe5 Rb6 39.Ne7+ Kf8 40.Qh8+  1-0

[Event "Bundesliga 2001-2"]
[Site "Erfurt GER"]
[Date "2001.11.23"]
[Round "5"]
[White "Dirr,U"]
[Black "Paehtz,E"]
[Result "1/2-1/2"]
[WhiteElo "2323"]
[BlackElo "2392"]

1.e4 c5 2.Nf3 d6 3.Bb5+ Nd7 4.d4 Nf6 5.Nc3 a6 6.Bxd7+ Nxd7 7.O-O e6 8.Bg5 Qc7
9.Re1 cxd4 10.Qxd4 Ne5 11.Na4 f6 12.Nb6 Rb8 13.Bd2 Be7 14.a4 Kf7 15.a5 Rd8
16.Ra3 Qc5 17.Qxc5 Nxf3+ 18.Rxf3 dxc5 19.Bf4 Bd6 20.Rd3 e5 21.Be3 Be6 22.Red1 Be7
23.Rxd8 Rxd8 24.Rxd8 Bxd8 25.Bxc5 Bxb6 26.Bxb6 Ba2 27.f3 Bb1 28.c3 Ba2 29.Kf2 Bc4
30.Ke3 Ke6 31.Bc5 g6 32.f4 Bf1 33.g3 Bc4 34.Bf8 h5 35.Bc5  1/2-1/2

[Event "4NCL"]
[Site "Birmingham ENG"]
[Date "2001.11.24"]
[Round "3"]
[White "Trent,L"]
[Black "Hunt,H"]
[Result "0-1"]
[WhiteElo "2249"]
[BlackElo "2406"]

1.e4 c5 2.Nf3 d6 3.Bb5+ Nd7 4.d4 Nf6 5.Nc3 a6 6.Bxd7+ Nxd7 7.Be3 cxd4 8.Qxd4 e6
9.a4 Qc7 10.O-O Ne5 11.Nxe5 dxe5 12.Qb6 Qxb6 13.Bxb6 Bd7 14.Rfd1 Rc8 15.Rd3 Bc6
16.f3 f6 17.Nd1 Be7 18.b3 f5 19.Nf2 Kf7 20.c4 h5 21.Re1 Bf6 22.Rde3 g5 23.Nd3 f4
24.R3e2 g4 25.Rd1 Rhg8 26.Kh1 h4 27.Nf2 gxf3 28.gxf3 Rg5 29.Nh3 Rg7 30.Red2 Be7
31.Rg1 Rxg1+ 32.Kxg1 Be8 33.Nf2 Rc6 34.Bd8 Bc5 35.Bxh4 Bd4 36.Kg2 b5 37.cxb5 axb5
38.axb5 Rc1 39.Nd3 Rg1+ 40.Kh3 Bxb5 41.Bf2 Bxf2 42.Nxf2 Bf1+ 43.Kh4 Rg2 44.Rd7+ Ke8
45.Rd2 Rxh2+ 46.Kg5 Ke7 47.Rc2 Rg2+ 48.Kh6 Kd6 49.b4 Bb5 50.Kh5 Rg3 51.Rd2+ Kc7
52.Ng4 Rxf3 53.Nxe5 Re3 54.Kg5 Rxe4 55.Kf6 Be2 56.Kxe6 f3 57.Rd7+ Kc8 58.Kd6 Rd4+  0-1

[Event "Bundesliga 2001-2"]
[Site "Erfurt GER"]
[Date "2001.11.24"]
[Round "3"]
[White "Casper,T"]
[Black "Stangl,M"]
[Result "1-0"]
[WhiteElo "2409"]
[BlackElo "2457"]

1.e4 c5 2.Nf3 d6 3.Bb5+ Bd7 4.Bxd7+ Nxd7 5.O-O Ngf6 6.Re1 e6 7.c3 Rc8 8.d4 cxd4
9.cxd4 d5 10.e5 Ne4 11.Nbd2 Nxd2 12.Bxd2 Qb6 13.Rc1 Rc6 14.Rxc6 bxc6 15.Qa4 Be7
16.Rc1 Nb8 17.Rc3 O-O 18.Rb3 Qc7 19.Bb4 Bxb4 20.Qxb4 Nd7 21.Qb7 Rc8 22.Ne1 c5
23.Qxc7 Rxc7 24.dxc5 h6 25.Nd3 Nxc5 26.Rc3 Na6 27.Rxc7 Nxc7 28.f4 Kf8 29.Kf2 Ke7
30.Ke3 Kd7 31.g4 g6 32.h4 h5 33.gxh5 gxh5 34.f5 Kc6 35.Nf4 exf5 36.Nxh5 Ne6
37.Nf6 d4+ 38.Kf3 Kc5 39.h5 Ng5+ 40.Kf4 d3 41.Ke3 Kc4 42.b3+ Kc3 43.Nd5+ Kb2
44.Kxd3 Kxa2 45.Kc3 Nf3 46.Nb4+ Ka3 47.Nc6 f4 48.Nxa7 Nxe5 49.Nb5+ Ka2 50.Nd4 f3
51.Nxf3 Nxf3 52.h6 Ng5 53.b4 f5 54.b5  1-0

[Event "ch-ROM"]
[Site "Targoviste ROM"]
[Date "2001.11.24"]
[Round "1"]
[White "Lupulescu,C"]
[Black "Tugui,A"]
[Result "1-0"]
[WhiteElo "2467"]
[BlackElo "2337"]

1.e4 c5 2.Nf3 d6 3.Bb5+ Bd7 4.Bxd7+ Qxd7 5.c4 Nf6 6.Nc3 Nc6 7.d4 cxd4 8.Nxd4 Qg4
9.Qxg4 Nxg4 10.Nxc6 bxc6 11.Bf4 f6 12.c5 g5 13.Bg3 dxc5 14.Ke2 e6 15.f3 Ne5
16.Bxe5 fxe5 17.Na4 Rb8 18.Rac1 Rb4 19.b3 c4 20.Rxc4 Rxc4 21.bxc4 Kd7 22.h4 gxh4
23.Rxh4 Be7 24.Rh5 Bf6 25.Nc5+ Kd6 26.Nd3 Bg7 27.c5+ Ke7 28.Ke3 h6 29.Nxe5 Bxe5
30.Rxe5 h5 31.Rg5 Kf6 32.Kf4 h4 33.Kg4 Rb8 34.Kxh4 Rb2 35.a3 Ra2 36.f4 Rxa3
37.e5+ Kf7 38.Kh5 Rc3 39.Kh6 Re3 40.Rg7+ Kf8 41.g4 Re4 42.Rg6 Kf7 43.Rf6+ Ke7
44.Kg5 a5 45.Rh6 a4 46.Rh7+ Kd8 47.Ra7 Kc8 48.Re7 Rc4 49.Rxe6 Rxc5 50.Re8+ Kb7
51.Rh8 a3 52.Rh1 Kc7 53.Ra1 Ra5 54.Kf6  1-0

[Event "4NCL"]
[Site "Birmingham ENG"]
[Date "2001.11.25"]
[Round "4"]
[White "Collins,S"]
[Black "Webb,Ri"]
[Result "1/2-1/2"]
[WhiteElo "2194"]
[BlackElo "2356"]

1.e4 c5 2.Nf3 d6 3.Bb5+ Bd7 4.a4 Nc6 5.O-O g6 6.Re1 Bg7 7.c3 Nf6 8.d4 cxd4
9.cxd4 a6 10.Bd3 Bg4 11.Be3 Nd7 12.Be2 O-O 13.Nbd2 Bxf3 14.Nxf3 Qa5 15.b4 Qxb4
16.Rb1 Qa5 17.Rxb7 Qd8 18.Rb1 Qa5 19.Rb7 Qd8 20.Bd3 Qc8 21.Rb1 e5 22.d5 Nd4
23.Nxd4 exd4 24.Bf4 Qc7 25.Qe2 Nc5  1/2-1/2

[Event "NCC"]
[Site "Philadelphia USA"]
[Date "2001.11.25"]
[Round "6"]
[White "Negulescu,A"]
[Black "Pixton,A"]
[Result "1/2-1/2"]
[WhiteElo "2448"]
[BlackElo "2351"]

1.e4 c5 2.Nf3 d6 3.Bb5+ Bd7 4.Bxd7+ Nxd7 5.O-O Ngf6 6.Re1 e6 7.c4 Ne5 8.d3 Be7
9.b3 Nfd7 10.Bb2 Bf6 11.Nxe5 Bxe5 12.d4 cxd4 13.Bxd4 Qf6 14.Bxe5 Qxe5 15.Nd2 O-O
16.Nf3 Qc5 17.Qd2 Rfd8 18.Rad1 Ne5 19.Re3 h6 20.Qb2 Rac8 21.h3 b5 22.cxb5 Qxb5
23.Nxe5 dxe5 24.Rxd8+ Rxd8 25.Qc2 Qd7 26.Rc3 Qd1+ 27.Kh2 Qd2 28.Rc8 Kh7 29.Qxd2 Rxd2
30.Rc7 Rxa2 31.Rxf7 Kg6 32.Re7 Kf6 33.Re8 a5 34.Ra8 Ra3 35.f3 Rxb3 36.Rxa5 h5
37.h4 g6 38.Ra2 Re3 39.Ra1 Rb3 40.Kh3 Rc3 41.Rf1 Re3  1/2-1/2

[Event "FIDE WCh Women KO"]
[Site "Moscow RUS"]
[Date "2001.11.27"]
[Round "1.1"]
[White "Sedina,E"]
[Black "Alexandrova,O"]
[Result "1-0"]
[WhiteElo "2398"]
[BlackElo "2387"]

1.e4 c5 2.Nf3 d6 3.Bb5+ Bd7 4.Bxd7+ Qxd7 5.O-O Nf6 6.e5 dxe5 7.Nxe5 Qc7 8.d4 e6
9.Bf4 Bd6 10.Na3 Qe7 11.Nb5 Bxe5 12.Bxe5 Na6 13.dxc5 Qxc5 14.Nd6+ Kf8 15.Bxf6 gxf6
16.Nxb7 Qe7 17.Qd6 Rb8 18.Qxa6 Rxb7 19.b3 Kg7 20.Rad1 Rd7 21.Qe2 Rhd8 22.c4 f5
23.g3 Qa3 24.Rxd7 Rxd7 25.Qc2 Qa5 26.Qb2+ f6 27.b4 Qc7 28.c5 f4 29.Qe2 e5
30.Rd1 Re7 31.Qg4+ Kf8 32.Rd6 Rf7 33.Qe6 Qe7 34.Qd5 Qc7 35.c6 Ke8 36.b5 h5
37.Qe6+ Kf8  1-0

[Event "ch-ITA"]
[Site "Montecatini Terme ITA"]
[Date "2001.11.28"]
[Round "8"]
[White "Mantovani,R"]
[Black "Costantini,R"]
[Result "0-1"]
[WhiteElo "2369"]
[BlackElo "2314"]

1.e4 c5 2.Nf3 d6 3.Bb5+ Nd7 4.O-O Nf6 5.Re1 a6 6.Bf1 b6 7.c4 Bb7 8.Nc3 e6
9.b3 Be7 10.Bb2 O-O 11.d4 cxd4 12.Qxd4 Qc7 13.Rac1 Rac8 14.h3 Rfe8 15.Nd2 Qb8
16.b4 Bd8 17.Nb3 Bc7 18.Kh1 Ne5 19.a3 Rcd8 20.f4 Ng6 21.Qf2 Qa8 22.Nd2 h5
23.Na4 e5 24.f5 Nf8 25.Nc3 N8d7 26.Nd5 Bb8 27.Rc3 b5 28.Nxf6+ Nxf6 29.cxb5 Bxe4
30.Nxe4 Nxe4 31.Qf3 d5 32.Rc2 h4 33.bxa6 Qa7 34.Rxe4 dxe4 35.Qxe4 Rd1 36.Rc1 Red8
37.Qxh4 Qb6 38.f6 Ba7 39.Rc5 Rxf1+ 40.Kh2 Qxf6 41.Qxf6 Rxf6 42.Ra5 Re6 43.Rb5 f6  0-1

[Event "FIDE WCh Women KO"]
[Site "Moscow RUS"]
[Date "2001.11.29"]
[Round "2.1"]
[White "Petrenko,S"]
[Black "Zhu Chen"]
[Result "1/2-1/2"]
[WhiteElo "2336"]
[BlackElo "2497"]

1.e4 c5 2.Nf3 d6 3.Bb5+ Nd7 4.d4 Nf6 5.Nc3 cxd4 6.Qxd4 e5 7.Qd3 h6 8.O-O Be7
9.Nh4 O-O 10.Nf5 Nc5 11.Qf3 Bxf5 12.Qxf5 Qc8 13.Qf3 a6 14.Bd3 b5 15.a3 Qb7
16.Bd2 Rac8 17.Rad1 Rfd8 18.Bc1 Na4 19.Nxa4 bxa4 20.Qe2 Rc6 21.Bc4 Rdc8 22.b3 Rxc4
23.bxc4 Qxe4 24.Qd3 Qxc4 25.Rfe1 Rc6 26.Bd2 d5 27.Bb4 Bxb4 28.axb4 e4 29.Qa3 Qxc2
30.Rc1 Qd2 31.Rcd1 Qc2 32.Rc1 Qd2 33.Rcd1 Qc3 34.Qxa4 Rb6 35.Rb1 d4 36.Rec1 Qd3
37.Rd1 Qe2 38.Re1 Qc4 39.Qa5 Qe6 40.Qc5 Rd6 41.Rbd1 Rd5 42.Qc4 Qd6 43.Ra1 Rb5
44.Qc8+ Kh7 45.Rxa6 Qxb4 46.Rd1 d3 47.Qc7 Qb3 48.Raa1 Rf5 49.Rdb1 Qd5 50.Qb6 Ng4
51.Rf1 d2 52.Rad1 e3 53.h3 exf2+ 54.Kh1 Qe5  1/2-1/2

[Event "ch-ROM"]
[Site "Targoviste ROM"]
[Date "2001.11.29"]
[Round "6"]
[White "Moldovan,D"]
[Black "Lupulescu,C"]
[Result "1/2-1/2"]
[WhiteElo "2450"]
[BlackElo "2467"]

1.e4 c5 2.Nf3 d6 3.Bb5+ Nd7 4.d4 Nf6 5.Nc3 a6 6.Bxd7+ Nxd7 7.d5 b5 8.O-O g6
9.Re1 Bg7 10.h3 O-O 11.a3 Nb6 12.Rb1 Qc7 13.Ne2 a5 14.b3 b4 15.axb4 axb4
16.Bb2 Bxb2 17.Rxb2 Bd7 18.Ng3 f6 19.Qd2 Kg7 20.Nf1 Ra3 21.Ne3 Re8 22.Rbb1 Ra2  1/2-1/2

[Event "FIDE WCh Women KO"]
[Site "Moscow RUS"]
[Date "2001.12.01"]
[Round "3.1"]
[White "Skripchenko,A"]
[Black "Peptan,C"]
[Result "1-0"]
[WhiteElo "2497"]
[BlackElo "2462"]

1.e4 c5 2.Nf3 d6 3.Bb5+ Bd7 4.Bxd7+ Qxd7 5.c4 Nc6 6.Nc3 g6 7.d4 cxd4 8.Nxd4 Bg7
9.Nde2 Nf6 10.f3 O-O 11.O-O a6 12.a4 Rfc8 13.b3 Qd8 14.Kh1 Nd7 15.Rb1 Qf8
16.Be3 Bh6 17.Qd2 Bxe3 18.Qxe3 Rab8 19.Rfd1 Qg7 20.Rd2 Nb4 21.Nd4 Nc5 22.Nd5 Nxd5
23.exd5 Qe5 24.Qf2 Qf4 25.Re1 Re8 26.Re3 Rbc8 27.Qe1 Rc7 28.g3 Qf6 29.Kg2 h5
30.h4 Kh7 31.f4 Nxa4 32.bxa4 Rxc4 33.Qd1 Rec8 34.f5 Rc3 35.Qf3 Rxe3 36.fxg6+ fxg6
37.Qxe3 Qe5 38.Qxe5 dxe5 39.Nf3 Kg7 40.Nxe5 Kf6 41.Nf3 Rc4 42.Ra2 Rc5 43.Rd2 Rc4
44.Rb2 Rxa4 45.Rxb7 Ra5 46.Ng5 Rb5 47.Ra7 a5 48.Ne4+ Kf5 49.Rxe7 Rxd5 50.Ng5 Rd6
51.Re4 Ra6 52.Ra4 Ke5 53.Kf3 Kd5 54.Ne4 Ra8 55.Kf4 Kc6 56.Kg5 Kb5 57.Nc3+ Kb6
58.Rc4 Rd8 59.Kxg6 Rg8+ 60.Kxh5 Rxg3 61.Kh6 Rg1 62.h5 Rg3 63.Kh7 Rg5 64.h6 Rg3
65.Kh8 Rg6 66.Rh4 Rg3 67.Na4+ Kc6 68.Rh5 Kd6 69.Rxa5 Ke7 70.Kh7 Kf8 71.Nc5 Rc3
72.Ne6+ Ke7 73.Ng7 Rc6 74.Rf5 Ra6 75.Re5+ Kf7 76.Re6 Ra8 77.Rb6 Ra7 78.Nh5 Ra5
79.Rb7+ Kf8 80.Kg6  1-0